| 000 | 00503nam a22001817a 4500 | ||
|---|---|---|---|
| 005 | 20160729172839.0 | ||
| 010 | _aENG-115596 | ||
| 020 |
_a9789381384459 _c150.00 |
||
| 035 | _aEN-99128 | ||
| 037 | _bDBAD/PUB | ||
| 082 | _a793.73 | ||
| 100 | _aUtial,Ivar | ||
| 245 |
_aQuiz time / _cby Ivar Utial |
||
| 260 |
_aNew Delhi _bV & Publishes _c2016 |
||
| 270 |
_aF-2/16,Ansari Road Daryaganj _bNew Delhi _e110002 |
||
| 300 |
_a204p. : _c24cm(pbk) _bill |
||
| 942 |
_2ddc _cEN _mUTI _h793.73 |
||
| 999 |
_c101659 _d101659 |
||